[Event "Pardubice Czech op-A 24th"]
[Site "Pardubice"]
[Date "2013.07.25"]
[Round "7"]
[White "Krapivin, Vladislav"]
[Black "Mukashev, Assan"]
[Result "0-1"]
[WhiteElo "2340"]
[BlackElo "2247"]
[PlyCount "84"]
[EventDate "2013.07.19"]
[EventType "swiss"]
[EventRounds "9"]
[EventCountry "CZE"]
[SourceTitle "CBM 155 Extra"]
[Source "ChessBase"]
[SourceDate "2013.08.26"]
[SourceVersion "1"]
[SourceVersionDate "2013.08.26"]
[SourceQuality "1"]

1. e4 c5 2. Nc3 Nc6 3. g3 g6 4. Bg2 Bg7 5. d3 d6 6. f4 e6 7. Nf3 Nge7 8. 0-0 0-0 9. Be3 Nd4 10. e5 Nef5 11. Bf2 Nxf3+ 12. Qxf3 Nd4 13. Qd1 dxe5 14. fxe5 Rb8 15. Ne4 Bxe5 16. c3 Nf5 17. Bxc5 a5 18. d4 Bd6 19. Nxd6 Nxd6 20. Qf3 Ra8 21. Qf4 Ra6 22. a4 f6 23. h4 Rf7 24. g4 Nc4 25. d5 Nxb2 26. dxe6 Bxe6 27. Bd4 Bd5 28. Bxd5 Qxd5 29. g5 Nd3 30. Qg3 Nc5 31. Rxf6 Raxf6 32. gxf6 Ne6 33. Be5 Qc5+ 34. Kh2 Rd7 35. Re1 Rd2+ 36. Kh3 Qc8 37. Qg4 Kf7 38. h5 Rf2 39. Re3 Rf5 40. hxg6+ hxg6 41. Bg3 Ng5+ 42. Kg2 Rf2+ 0-1

[Event "Pardubice op rap 24th"]
[Site "Pardubice"]
[Date "2013.07.18"]
[Round "4"]
[White "Krapivin, Vladislav"]
[Black "Akesson, Ralf"]
[Result "0-1"]
[WhiteElo "2340"]
[BlackElo "2469"]
[PlyCount "84"]
[EventDate "2013.07.17"]
[EventType "swiss (rapid)"]
[EventRounds "9"]
[EventCountry "CZE"]
[SourceTitle "CBM 155 Extra"]
[Source "ChessBase"]
[SourceDate "2013.08.26"]
[SourceVersion "1"]
[SourceVersionDate "2013.08.26"]
[SourceQuality "1"]

1. e4 c5 2. Nc3 a6 3. g3 b5 4. Bg2 Bb7 5. d3 e6 6. a3 Nf6 7. Nge2 d5 8. e5 Nfd7 9. f4 h5 10. h3 Nc6 11. 0-0 g5 12. f5 Ndxe5 13. fxe6 fxe6 14. d4 cxd4 15. Nxd4 Bc5 16. Nce2 Qe7 17. Kh1 0-0-0 18. c3 Rdf8 19. Rxf8+ Rxf8 20. b4 Bb6 21. a4 Nc4 22. axb5 axb5 23. Nxc6 Bxc6 24. Nd4 Bb7 25. Qxh5 e5 26. Bxg5 Qd7 27. Qh6 Re8 28. Bf3 Kb8 29. Bg4 Qc7 30. Qg6 Rf8 31. Qh6 Rg8 32. Nxb5 d4+ 33. Kh2 Qc6 34. Qxc6 Bxc6 35. Be6 Rf8 36. Bxc4 Rf2+ 37. Kg1 dxc3 38. Ra2 Rxa2+ 39. Kf1 Ra1+ 40. Ke2 c2 41. Bf6 c1Q 42. Bxe5+ Ka8 0-1

[Event "Pardubice op rap 24th"]
[Site "Pardubice"]
[Date "2013.07.18"]
[Round "6"]
[White "Krapivin, Vladislav"]
[Black "Jaracz, Pawel"]
[Result "1-0"]
[WhiteElo "2340"]
[BlackElo "2531"]
[PlyCount "109"]
[EventDate "2013.07.17"]
[EventType "swiss (rapid)"]
[EventRounds "9"]
[EventCountry "CZE"]
[SourceTitle "CBM 155 Extra"]
[Source "ChessBase"]
[SourceDate "2013.08.26"]
[SourceVersion "1"]
[SourceVersionDate "2013.08.26"]
[SourceQuality "1"]

1. e4 Nc6 2. Nc3 d6 3. d4 e5 4. Nf3 Bg4 5. Bb5 exd4 6. Qxd4 a6 7. Bxc6+ bxc6 8. Qc4 Qd7 9. Be3 Ne7 10. 0-0-0 Ng6 11. h3 Bxf3 12. gxf3 Be7 13. f4 0-0 14. h4 Nxh4 15. Qe2 f5 16. Qh5 fxe4 17. Rxh4 Bxh4 18. Qxh4 Rae8 19. Rh1 h6 20. Rg1 Kh7 21. Qh5 Qf5 22. Qxf5+ Rxf5 23. Rh1 c5 24. Ne2 c4 25. Kd2 c5 26. Ng3 Rf6 27. f5 Rc8 28. Bg5 Rf7 29. Ke3 d5 30. b3 c3 31. Bf4 Re8 32. Bd6 d4+ 33. Kf4 g5+ 34. Kg4 c4 35. bxc4 e3 36. fxe3 Rxe3 37. Rd1 d3 38. cxd3 c2 39. Rc1 Rxd3 40. c5 Rd4+ 41. Kf3 Rc4 42. Ke3 h5 43. Kd3 Ra4 44. Rxc2 h4 45. Ne4 Rxf5 46. c6 Rf3+ 47. Ke2 Rf5 48. Nf2 Rf7 49. c7 Rxc7 50. Rxc7+ Kg6 51. a3 g4 52. Bb4 a5 53. Ra7 g3 54. Nh3 Kf5 55. Kf3 1-0

[Event "CZE-chT rap"]
[Site "Pardubice"]
[Date "2013.07.13"]
[Round "4.4"]
[White "Cerveny, Martin"]
[Black "Krapivin, Vladislav"]
[Result "0-1"]
[WhiteElo "2357"]
[BlackElo "2340"]
[PlyCount "80"]
[EventDate "2013.07.11"]
[EventType "team-swiss"]
[EventRounds "7"]
[EventCountry "CZE"]
[SourceTitle "CBM 155 Extra"]
[Source "ChessBase"]
[SourceDate "2013.08.26"]
[SourceVersion "1"]
[SourceVersionDate "2013.08.26"]
[SourceQuality "1"]

1. c4 Nf6 2. d4 d6 3. Nc3 Nbd7 4. Nf3 c6 5. g3 e5 6. Bg2 Be7 7. 0-0 e4 8. Ng5 d5 9. cxd5 cxd5 10. f3 exf3 11. exf3 h6 12. Nh3 Nb6 13. a4 0-0 14. Nf4 Bf5 15. g4 Bh7 16. Nd3 Nc4 17. Rf2 Rc8 18. Bf1 Qb6 19. Nf4 Rfd8 20. h4 Bd6 21. Ra2 Qa5 22. Nce2 Re8 23. g5 Bxf4 24. Nxf4 Re1 25. Bd2 Rxd1 26. Bxa5 Nxa5 27. gxf6 Rxd4 28. Ne2 Rxh4 29. Nc3 Rc5 30. Ra1 gxf6 31. Re1 Kf8 32. Bb5 Nc6 33. Rfe2 Ne5 34. Rxe5 fxe5 35. Rxe5 a6 36. Bf1 Rd4 37. Re2 Rb4 38. Kf2 d4 39. Ne4 Bxe4 40. fxe4 d3 0-1

[Event "Pardubice Czech op-A 23rd"]
[Site "Pardubice"]
[Date "2012.07.27"]
[Round "8"]
[White "Krapivin, Vladislav"]
[Black "Miljakin, Vasily"]
[Result "1-0"]
[WhiteElo "2366"]
[BlackElo "2222"]
[PlyCount "111"]
[EventDate "2012.07.12"]
[EventType "swiss"]
[EventRounds "9"]
[EventCountry "CZE"]
[SourceTitle "CBM 149 Extra"]
[Source "ChessBase"]
[SourceDate "2012.08.24"]
[SourceVersion "1"]
[SourceVersionDate "2012.08.24"]
[SourceQuality "1"]

1. e4 c5 2. Nc3 e6 3. Nge2 a6 4. g3 b5 5. Bg2 Bb7 6. a3 Nf6 7. 0-0 b4 8. axb4 cxb4 9. e5 Bxg2 10. Kxg2 Ng4 11. Ne4 Nxe5 12. d4 Nc4 13. d5 Qb6 14. b3 Nd6 15. Qd3 Nxe4 16. Qxe4 Qb7 17. Bb2 Qxd5 18. Qxd5 exd5 19. Nf4 f6 20. Nxd5 Ra7 21. Bd4 Rb7 22. Rfd1 Kf7 23. Be3 g5 24. Nxf6 Bg7 25. Ne4 Bxa1 26. Nd6+ Kg6 27. Nxb7 Bf6 28. Rd6 Rc8 29. Na5 Kf7 30. Nc4 Rc6 31. Ba7 Rxd6 32. Nxd6+ Ke6 33. Bxb8 Be5 34. Ne4 Bxb8 35. Nxg5+ Kd5 36. Kf1 Kd4 37. Ke2 Kc3 38. Kd1 d5 39. f4 h5 40. Nf3 Bd6 41. f5 Be7 42. h3 a5 43. g4 hxg4 44. hxg4 d4 45. g5 d3 46. cxd3 Kxb3 47. f6 Bd8 48. Nd2+ Kc3 49. g6 Bxf6 50. Ne4+ Kb2 51. Nxf6 a4 52. Nd5 b3 53. g7 a3 54. g8Q Ka1 55. Qg7+ Ka2 56. Kd2 1-0